书目信息 |
| 题名: |
化学教学论实验
|
|
| 作者: | 吴晓红 , 刘万毅 主编 | |
| 分册: | ||
| 出版信息: | 北京 冶金工业出版社 2013 |
|
| 页数: | 160页 | |
| 开本: | 24cm | |
| 丛书名: | ||
| 单 册: | ||
| 中图分类: | G633.83-42 | |
| 科图分类: | ||
| 主题词: | 化学实验--hua xue shi yan--教学研究--中学--教学参考资料 | |
| 电子资源: | ||
| ISBN: | 978-7-5024-6399-1 | |
| 000 | 01077nam0 2200277 450 | |
| 001 | 012001003875 | |
| 005 | 20131027112132.0 | |
| 010 | @a978-7-5024-6399-1@dCNY23.00 | |
| 099 | @aCAL 012014056668 | |
| 100 | @a20140512d2013 em y0chiy50 ea | |
| 101 | 0 | @achi |
| 102 | @aCN@b110000 | |
| 105 | @aak a 000yy | |
| 106 | @ar | |
| 200 | 1 | @a化学教学论实验@Ahua xue jiao xue lun shi yan@f吴晓红, 刘万毅主编 |
| 210 | @a北京@c冶金工业出版社@d2013 | |
| 215 | @a160页@c图@d24cm | |
| 300 | @a普通高等教育“十二五”规划教材 | |
| 320 | @a有书目 (第159-160页) | |
| 330 | @a本书是根据高等师范院校化学教育专业对师范生的基本要求而编写的教材。全书共分五个部分: 走进化学实验室、中学化学基础实验、手持技术基础实验、手持技术探究实验及电子白板在化学实验教学中的应用, 共选入36个实验示例, 涵盖了初、高中化学新课程中主要实验内容。 | |
| 606 | 0 | @a化学实验@Ahua xue shi yan@x教学研究@x中学@j教学参考资料 |
| 690 | @aG633.83-42@v5 | |
| 701 | 0 | @a吴晓红@AWu Xiaohong@4主编 |
| 701 | 0 | @a刘万毅@ALiu Wanyi@4主编 |
| 801 | 2 | @aCN@b江苏凤凰@c20191020 |
| 905 | @b1227805-8@dG633.83-42@e310@f4 | |
| 化学教学论实验/吴晓红, 刘万毅主编.-北京:冶金工业出版社,2013 |
| 160页:图;24cm |
| 普通高等教育“十二五”规划教材 |
| ISBN 978-7-5024-6399-1:CNY23.00 |
| 本书是根据高等师范院校化学教育专业对师范生的基本要求而编写的教材。全书共分五个部分: 走进化学实验室、中学化学基础实验、手持技术基础实验、手持技术探究实验及电子白板在化学实验教学中的应用, 共选入36个实验示例, 涵盖了初、高中化学新课程中主要实验内容。 |
| ● |
| 相关链接 |
|
|
|
|
正题名:化学教学论实验
索取号:G633.83-42/310
 
预约/预借
| 序号 | 登录号 | 条形码 | 馆藏地/架位号 | 状态 | 备注 |
| 1 | 1227805 | 212278051 | 第一样本阅览室/ [索取号:G633.83-42/310] | 在馆 | |
| 2 | 1227806 | 212278060 | 教育系资料室/ [索取号:G633.83-42/310] | 在馆 | |
| 3 | 1227807 | 212278079 | 教育系资料室/ [索取号:G633.83-42/310] | 在馆 | |
| 4 | 1227808 | 212278088 | 第四借阅区/ [索取号:G633.83-42/310] | 在馆 |